Click the Hero Logos Quiz Stats

 Plays Quiz Updated Feb 16, 2016

Score 0/24 Timer 03:00
78 Plays Today
% Correct
Superman
95%
Batman
94.9%
Captain America
93.8%
Ghostbusters
93.6%
Spider-Man
93.3%
Wonder Woman
92.4%
Fantastic Four
92.3%
X-Men
92%
The Incredibles
90.9%
Avengers
90.9%
Robin
89.3%
Green Lantern
89%
% Correct
Hawkman
85.7%
Autobots
84.9%
Daredevil
84.8%
The Tick
83.6%
Punisher
83.5%
The Flash
80.3%
Thundercats
76.8%
Watchmen
65.5%
Captain Marvel
63.6%
Spawn
62.6%
Greatest American Hero
56.8%
Hellboy
45.8%

You're not logged in!

Compare scores with friends on all Sporcle quizzes.
OR
Log In

Show Comments

Extras

Top Quizzes Today


Score Distribution

Your Account Isn't Verified!

In order to create a playlist on Sporcle, you need to verify the email address you used during registration. Go to your Sporcle Settings to finish the process.

Report this User

Report this user for behavior that violates our Community Guidelines.

Details: